| 000 | 00560cam a22001457a 4500 | ||
|---|---|---|---|
| 008 | 180718b1961 xxu||||| |||| 00| 0 eng d | ||
| 082 | _aB7x42 Un3l/1 | ||
| 100 | _aUnited Kingdom. Local Government Commission | ||
| 245 |
_aReport and proposals for the West Midlands Special Review Area _cby Local Government Commission for England |
||
| 260 |
_aLondon _bHer Majesty's Stationery Office _c1961 |
||
| 300 | _a127p. | ||
| 440 | _aLocal Government Commission for England. Report No.1 | ||
| 500 | _aChairman: Henry D. Hancock | ||
| 700 | _aHancock, Henry D, Chairman | ||
| 999 |
_c391213 _d391213 |
||